[Event "Dresden Vdes op"]
[Site "Dresden"]
[Date "2000.01.29"]
[Round "6"]
[White "Mossekel, Manfred"]
[Black "Zimmermann, Friedrich"]
[Result "1-0"]
[WhiteElo "1657"]
[BlackElo "1439"]
[PlyCount "37"]
[EventDate "2000.01.26"]
[EventType "swiss"]
[EventRounds "7"]
[EventCountry "GER"]
[SourceTitle "EXT 2001"]
[Source "ChessBase"]
[SourceDate "2000.11.22"]
[SourceVersion "1"]
[SourceVersionDate "2000.11.22"]
[SourceQuality "1"]

1. e4 e5 2. Nf3 d6 3. Bc4 Be7 4. 0-0 Nf6 5. d3 0-0 6. h3 c6 7. Bb3 b5 8. c3 Nbd7 9. Re1 Bb7 10. Nbd2 c5 11. Nf1 h6 12. Ng3 Nh7 13. Nf5 Ndf6 14. N3h4 Ne8 15. Nxe7+ Qxe7 16. Ng6 Qf6 17. Nxf8 Nxf8 18. Re3 Rc8 19. Rf3 1-0

[Event "Dresden Vdes op"]
[Site "Dresden"]
[Date "2000.01.29"]
[Round "7"]
[White "Zimmermann, Friedrich"]
[Black "Filipovic, Ante"]
[Result "1-0"]
[WhiteElo "1439"]
[BlackElo "1806"]
[PlyCount "107"]
[EventDate "2000.01.26"]
[EventType "swiss"]
[EventRounds "7"]
[EventCountry "GER"]
[SourceTitle "EXT 2001"]
[Source "ChessBase"]
[SourceDate "2000.11.22"]
[SourceVersion "1"]
[SourceVersionDate "2000.11.22"]
[SourceQuality "1"]

1. e4 c5 2. c4 Nc6 3. Nf3 d6 4. d3 g6 5. Nbd2 Bg7 6. Nb3 Nf6 7. Be2 0-0 8. h3 a6 9. a4 Bd7 10. a5 Ne8 11. 0-0 Nc7 12. Qc2 Ne6 13. Bd2 Ne5 14. Nxe5 Bxe5 15. f4 Bd4+ 16. Kh1 Ng7 17. Nxd4 cxd4 18. b4 e5 19. fxe5 dxe5 20. Be1 f5 21. Bf3 f4 22. Qe2 Qe7 23. Rg1 Rad8 24. Qd2 Rf7 25. Bf2 Be6 26. Qe1 Qd7 27. Qf1 g5 28. Kh2 g4 29. hxg4 Bxg4 30. Rh1 Rdf8 31. Kg1 Bxf3 32. gxf3 Ne6 33. Qh3 Rg7+ 34. Kf1 Qe7 35. Ke2 Nd8 36. Be1 Nc6 37. Rb1 Nd8 38. Bh4 Qf7 39. Rbg1 Rxg1 40. Rxg1+ Kh8 41. Rg4 Nc6 42. Be1 Ne7 43. Rg5 Ng6 44. Rf5 Qe8 45. Rxf8+ Nxf8 46. Qf5 Qe6 47. Qxf8+ Qg8 48. Qxg8+ Kxg8 49. Kf2 Kf7 50. Kg2 Ke7 51. Kh3 Kd6 52. Kg4 Kc6 53. Kf5 b6 54. Kxe5 1-0

[Event "Dresden Vdes op"]
[Site "Dresden"]
[Date "2000.01.27"]
[Round "3"]
[White "Zimmermann, Friedrich"]
[Black "Wagenlader, Erich"]
[Result "0-1"]
[WhiteElo "1439"]
[BlackElo "1688"]
[PlyCount "100"]
[EventDate "2000.01.26"]
[EventType "swiss"]
[EventRounds "7"]
[EventCountry "GER"]
[SourceTitle "EXT 2001"]
[Source "ChessBase"]
[SourceDate "2000.11.22"]
[SourceVersion "1"]
[SourceVersionDate "2000.11.22"]
[SourceQuality "1"]

1. e4 e6 2. d4 d5 3. e5 b6 4. b3 Qd7 5. c3 Ne7 6. g4 Ng6 7. Nf3 h6 8. Bd3 Ba6 9. h4 Bxd3 10. Qxd3 Nc6 11. h5 Nge7 12. Nh4 0-0-0 13. a4 Kb8 14. b4 f5 15. b5 Na5 16. Bd2 fxg4 17. Rg1 Nf5 18. Ng6 Rg8 19. Rxg4 Be7 20. Qc2 Nc4 21. Bc1 Rde8 22. Qd3 Na5 23. Bf4 Qd8 24. Nd2 Nb7 25. Nb3 Bg5 26. a5 Bxf4 27. Nxf4 Qd7 28. a6 Nd8 29. c4 dxc4 30. Qxc4 c6 31. bxc6 Nxc6 32. Rg6 Ncxd4 33. Nxd4 Nxd4 34. Rd1 Rd8 35. Nxe6 Nf3+ 36. Ke2 Qxd1+ 37. Ke3 Rc8 38. Qe4 Rc3+ 39. Kf4 Qc1+ 40. Kf5 Qc2 41. Rxg7 Qxe4+ 42. Kxe4 Rxg7 43. Nxg7 Ng5+ 44. Kd4 Rf3 45. e6 Nxe6+ 46. Nxe6 Rxf2 47. Kd5 Rf5+ 48. Kd6 Rxh5 49. Nd8 Rc5 50. Ne6 Ra5 0-1

[Event "Dresden Vdes op"]
[Site "Dresden"]
[Date "2000.01.26"]
[Round "1"]
[White "Zimmermann, Friedrich"]
[Black "Richter, Peter"]
[Result "1/2-1/2"]
[WhiteElo "1439"]
[BlackElo "1866"]
[PlyCount "122"]
[EventDate "2000.01.26"]
[EventType "swiss"]
[EventRounds "7"]
[EventCountry "GER"]
[SourceTitle "EXT 2001"]
[Source "ChessBase"]
[SourceDate "2000.11.22"]
[SourceVersion "1"]
[SourceVersionDate "2000.11.22"]
[SourceQuality "1"]

1. e4 d5 2. exd5 Qxd5 3. Nc3 Qa5 4. d3 Nf6 5. Bd2 c6 6. Be2 g6 7. Ne4 Qf5 8. Ng3 Qd5 9. Nf3 Bg7 10. c4 Qd8 11. Bc3 0-0 12. Qc2 a5 13. Rd1 Nbd7 14. 0-0 b5 15. b3 Bb7 16. Ne4 b4 17. Ba1 Qc7 18. Nxf6+ Bxf6 19. Bxf6 Nxf6 20. Qb2 Rad8 21. Qe5 Qxe5 22. Nxe5 c5 23. Bf3 Bxf3 24. Nxf3 Rd6 25. Rfe1 e6 26. Re5 Nd7 27. Re2 Rd8 28. h3 f6 29. Red2 e5 30. g4 Nf8 31. Kf1 Ne6 32. h4 Nf4 33. g5 fxg5 34. hxg5 Rxd3 35. Rxd3 Rxd3 36. Rxd3 Nxd3 37. Ke2 Nc1+ 38. Kd1 e4 39. Kxc1 exf3 40. Kd2 Kf7 41. Ke3 Ke6 42. Kf4 Kd6 43. Kxf3 Ke5 44. Ke3 Kf5 45. f4 Kg4 46. Ke4 Kg3 47. Ke5 Kg4 48. Kd5 Kxf4 49. Kxc5 Kxg5 50. Kb5 h5 51. c5 h4 52. c6 h3 53. c7 h2 54. c8Q h1Q 55. Qd8+ Kf5 56. Qd7+ Kf4 57. Qd6+ Kf5 58. Qf8+ Ke5 59. Qg7+ Kf5 60. Qf7+ Kg5 61. Qe7+ Kf5 1/2-1/2